00517nam a22001697a 450000500170000001000150001702000260003203500140005803700130007208200130008510000190009824500540011726000500017127000550022130000210027650000500029720180426105941.0 aENG-122671 a9789386582423c299.00 aEN-106203 bDBAD/PUB a614.5885 aRatna, Kalpish aThe secret life of zika virus /cby Kalpish Ratna aNew Delhi bSpeaking Tiger Publicationsc2017 a4381/4, Ansari Road, Daryaganj,bNew Delhie110002 a271p.c21cm(pbk) aIt include references, bibliography and index